[Event "BL 1516 (Women)"]
[Site "Germany"]
[Date "2016.03.19"]
[Round "10.4"]
[White "Savina, Anastasia"]
[Black "Zhang, Fan"]
[Result "1-0"]
[WhiteElo "2434"]
[BlackElo "2070"]
[PlyCount "75"]
[EventDate "2015.09.26"]
[EventType "team-tourn"]
[EventRounds "11"]
[EventCountry "GER"]
[SourceTitle "EXT 2017"]
[Source "ChessBase"]
[SourceDate "2016.10.25"]
[SourceVersion "1"]
[SourceVersionDate "2016.10.25"]
[SourceQuality "1"]
[WhiteTeam "Bad Koenigshofen (W)"]
[BlackTeam "Karlsruhe (W)"]
[WhiteTeamCountry "GER"]
[BlackTeamCountry "GER"]

1. d4 d5 2. c4 c6 3. Nc3 Nf6 4. e3 a6 5. Nf3 b5 6. c5 Nbd7 7. a3 Qc7 8. b4 e5 9. dxe5 Nxe5 10. Nxe5 Qxe5 11. Bb2 Qg5 12. Qd4 Be7 13. h4 Qg6 14. 0-0-0 Ng4 15. Qf4 Qf6 16. Rd2 Qxf4 17. exf4 h5 18. Bd3 0-0 19. g3 Nh6 20. Ne2 Bf5 21. Nd4 Bxd3 22. Nxc6 Bxc5 23. Rxd3 Bxf2 24. Ne7+ Kh7 25. Rf1 Ba7 26. Rxd5 Rfe8 27. Rd7 Be3+ 28. Kb1 Rad8 29. Rxd8 Rxd8 30. Re1 Bf2 31. Re5 g6 32. f5 Bxg3 33. fxg6+ fxg6 34. Rg5 Rd7 35. Nxg6 Rf7 36. Rxg3 Nf5 37. Rg5 Kh6 38. Nf4 1-0

[Event "GER-chT Federal Cup (Women)"]
[Site "Braunfels"]
[Date "2014.06.20"]
[Round "2.5"]
[White "Zhang, Fan"]
[Black "Ries, Jutta"]
[Result "1/2-1/2"]
[WhiteElo "2023"]
[BlackElo "1919"]
[PlyCount "139"]
[EventDate "2014.06.19"]
[EventType "team-swiss"]
[EventRounds "5"]
[EventCountry "GER"]
[SourceTitle "EXT 2015"]
[Source "ChessBase"]
[SourceDate "2014.11.20"]
[SourceVersion "1"]
[SourceVersionDate "2014.11.20"]
[SourceQuality "1"]
[WhiteTeam "Baden (W)"]
[BlackTeam "Hessen (W)"]
[WhiteTeamCountry "GER"]
[BlackTeamCountry "GER"]

1. d4 Nf6 2. Bg5 g6 3. Bxf6 exf6 4. e3 Bg7 5. h4 f5 6. h5 b6 7. Qf3 Nc6 8. Nc3 Bb7 9. Qg3 Nb4 10. 0-0-0 Nd5 11. Nge2 Nxc3 12. Nxc3 d6 13. Bb5+ c6 14. Bd3 Qd7 15. hxg6 hxg6 16. Rxh8+ Bxh8 17. Qh4 Bg7 18. Qh7 Bf6 19. Bc4 d5 20. Bd3 0-0-0 21. Qh3 Rh8 22. Qf3 Qd6 23. Ne2 Kb8 24. Nf4 Bc8 25. g3 Be6 26. c3 Qd7 27. Ba6 Qc7 28. Be2 Be7 29. Nd3 Bd6 30. Rh1 Qd8 31. Ne5 Kc7 32. Qg2 Qg8 33. Rh2 Bxe5 34. dxe5 Qg7 35. f4 f6 36. exf6 Qxf6 37. Qh1 Rxh2 38. Qxh2 Qg7 39. Bf3 Bg8 40. Qd2 Qh8 41. Qd4 Qxd4 42. exd4 Kd6 43. Kd2 Be6 44. Ke3 Bd7 45. Be2 Be6 46. Bd3 Ke7 47. b3 b5 48. Be2 a6 49. Kf3 Kf6 50. Kg2 Bf7 51. Kh3 g5 52. fxg5+ Kxg5 53. Kg2 Be6 54. Kf3 a5 55. Ke3 Bf7 56. Bf3 Be8 57. a3 Bd7 58. Be2 Be6 59. Kf3 Bf7 60. Bd3 Bh5+ 61. Kf2 Bd1 62. b4 axb4 63. axb4 Bg4 64. Ke3 Bh5 65. Bf1 Bg4 66. Bg2 Bh5 67. Bf3 Bf7 68. Bd1 Bg6 69. Bf3 Bf7 70. Be2 1/2-1/2

[Event "Salento op 3rd"]
[Site "Gallipoli"]
[Date "2014.05.20"]
[Round "5"]
[White "Richardt, Mike"]
[Black "Zhang, Fan"]
[Result "0-1"]
[WhiteElo "1974"]
[BlackElo "2102"]
[PlyCount "80"]
[EventDate "2014.05.17"]
[EventType "swiss"]
[EventRounds "9"]
[EventCountry "ITA"]
[SourceTitle "CBM 160 Extra"]
[Source "ChessBase"]
[SourceDate "2014.07.01"]
[SourceVersion "1"]
[SourceVersionDate "2014.07.01"]
[SourceQuality "1"]

1. d4 e6 2. c4 Nf6 3. Nc3 Bb4 4. Qc2 Nc6 5. Nf3 d6 6. Bd2 0-0 7. a3 Bxc3 8. Bxc3 Re8 9. e4 e5 10. d5 Ne7 11. g3 a5 12. b4 axb4 13. axb4 Rxa1+ 14. Bxa1 Bg4 15. Bg2 Qa8 16. Bb2 Qa6 17. 0-0 Qb6 18. Bc3 Ra8 19. Nd2 h5 20. Re1 h4 21. c5 Qb5 22. Bf1 Qd7 23. f3 Bh3 24. Ra1 Rxa1 25. Bxa1 Nh5 26. g4 Nf4 27. Bxh3 Nxh3+ 28. Kf1 Qb5+ 29. Qc4 Qa4 30. Nb3 Qa2 31. Ke1 Qf2+ 32. Kd1 Qxf3+ 33. Kc2 Nf2 34. cxd6 cxd6 35. b5 Qxe4+ 36. Qxe4 Nxe4 37. Kd3 Nf2+ 38. Kc4 Nxg4 39. Na5 b6 40. Nb7 Nc8 0-1

[Event "Reykjavik op"]
[Site "Reykjavik"]
[Date "2014.03.11"]
[Round "9"]
[White "Grant, Jonathan"]
[Black "Zhang, Fan"]
[Result "1-0"]
[WhiteElo "2255"]
[BlackElo "2104"]
[PlyCount "73"]
[EventDate "2014.03.04"]
[EventType "swiss"]
[EventRounds "10"]
[EventCountry "ISL"]
[SourceTitle "CBM 159 Extra"]
[Source "ChessBase"]
[SourceDate "2014.04.24"]
[SourceVersion "1"]
[SourceVersionDate "2014.04.24"]
[SourceQuality "1"]

1. c4 Nf6 2. g3 g6 3. Bg2 Bg7 4. Nc3 c5 5. e4 d6 6. Nge2 Nc6 7. 0-0 0-0 8. d3 a6 9. h3 Rb8 10. a4 Ne8 11. Be3 Nc7 12. d4 cxd4 13. Nxd4 Ne6 14. Nde2 Nc5 15. b3 Bd7 16. Rb1 Nb4 17. Nd5 Nxd5 18. exd5 b5 19. axb5 axb5 20. b4 Na4 21. c5 Bf5 22. Rb3 dxc5 23. bxc5 Nb2 24. Qc1 Nc4 25. Bf4 Be5 26. Bh6 Re8 27. Rd1 Qc7 28. g4 Bc8 29. Nd4 Bxd4 30. Rxd4 Qxc5 31. Rxc4 bxc4 32. Rxb8 Qa7 33. Rb4 f6 34. Rxc4 Bd7 35. Be3 Qa2 36. Rc7 Rb8 37. Ra7 1-0

[Event "Reykjavik op"]
[Site "Reykjavik"]
[Date "2014.03.05"]
[Round "2"]
[White "Abrahamyan, Tatev"]
[Black "Zhang, Fan"]
[Result "1-0"]
[WhiteElo "2376"]
[BlackElo "2104"]
[PlyCount "59"]
[EventDate "2014.03.04"]
[EventType "swiss"]
[EventRounds "10"]
[EventCountry "ISL"]
[SourceTitle "CBM 159 Extra"]
[Source "ChessBase"]
[SourceDate "2014.04.24"]
[SourceVersion "1"]
[SourceVersionDate "2014.04.24"]
[SourceQuality "1"]

1. e4 e6 2. d4 d5 3. e5 c5 4. c3 Nc6 5. Nf3 Qb6 6. a3 Nh6 7. b4 cxd4 8. cxd4 Nf5 9. Bb2 h5 10. Bd3 Be7 11. 0-0 g5 12. Bxf5 exf5 13. Nc3 Be6 14. Na4 Qb5 15. Nc5 g4 16. Ne1 b6 17. a4 Qxb4 18. Ned3 Qa5 19. Nb7 Qa6 20. Nd6+ Bxd6 21. exd6 Na5 22. Ne5 Nc4 23. Qe2 Qb7 24. Nxc4 dxc4 25. d5 Qxd5 26. Bxh8 0-0-0 27. Rfd1 Qc6 28. Bf6 Rg8 29. Qe5 Kb7 30. d7 1-0

[Event "GER-chT Federal Cup (Women)"]
[Site "Braunfels"]
[Date "2013.05.31"]
[Round "3.2"]
[White "Zhang, Fan"]
[Black "Stangl, Anita"]
[Result "0-1"]
[WhiteElo "2089"]
[BlackElo "2126"]
[PlyCount "128"]
[EventDate "2013.05.30"]
[EventType "team-swiss"]
[EventRounds "5"]
[EventCountry "GER"]
[SourceTitle "EXT 2014"]
[Source "ChessBase"]
[SourceDate "2013.11.20"]
[SourceVersion "1"]
[SourceVersionDate "2013.11.20"]
[SourceQuality "1"]
[WhiteTeam "Nordrhein Westfalen (W)"]
[BlackTeam "Bayern (W)"]
[WhiteTeamCountry "GER"]
[BlackTeamCountry "GER"]

1. d4 e6 2. Nf3 d5 3. Bf4 c5 4. c3 Nc6 5. e3 Nf6 6. Nbd2 Nh5 7. Bg5 f6 8. Bh4 g6 9. Be2 Ng7 10. Bd3 g5 11. Bg3 g4 12. Nh4 e5 13. dxc5 Bxc5 14. Qc2 e4 15. Bb5 Be7 16. h3 Nh5 17. 0-0-0 Nxg3 18. fxg3 Qb6 19. Qb3 a6 20. Ba4 Qc5 21. Bxc6+ bxc6 22. Qa4 0-0 23. Rdf1 f5 24. hxg4 fxg4 25. Rxf8+ Bxf8 26. Rf1 Bh6 27. Nf5 Bxf5 28. Rxf5 Qxe3 29. Qd1 Qxg3 30. Qh1 Qe3 31. Qd1 Kh8 32. Rf6 Qg5 33. Rxh6 Qxh6 34. Qxg4 Rg8 35. Qe2 Qh1+ 36. Kc2 Rxg2 37. Qxa6 Qh6 38. Qc8+ Rg8 39. Qf5 Qg5 40. Qe6 e3 41. Nf1 Qg2+ 42. Kb3 Rb8+ 43. Ka4 Ra8+ 44. Kb3 Rb8+ 45. Ka4 Qe4+ 46. Qxe4 dxe4 47. Nxe3 Rxb2 48. Ka3 Re2 49. Nc4 Re1 50. Kb2 Re2+ 51. Kb3 e3 52. a4 Re1 53. Kc2 e2 54. Kd2 Ra1 55. Kxe2 Rxa4 56. Kd3 Rxc4 57. Kxc4 h5 58. Kc5 h4 59. Kxc6 h3 60. c4 h2 61. c5 h1Q+ 62. Kc7 Qh7+ 63. Kb6 Qd7 64. c6 Qc8 0-1

[Event "Ruhrgebiet Verbandsliga2 1213"]
[Site "Nordrheinwestfalen"]
[Date "2013.02.24"]
[Round "7.2"]
[White "Boehm, Juergen1"]
[Black "Zhang, Fan"]
[Result "1/2-1/2"]
[WhiteElo "2105"]
[BlackElo "2024"]
[PlyCount "20"]
[EventDate "2012.09.02"]
[EventType "team-tourn"]
[EventRounds "9"]
[EventCountry "GER"]
[SourceTitle "EXT 2020"]
[Source "ChessBase"]
[SourceDate "2019.10.17"]
[SourceVersion "1"]
[SourceVersionDate "2019.10.17"]
[SourceQuality "1"]
[WhiteTeam "Brackel SF II"]
[BlackTeam "Muelheim Nord III"]
[WhiteTeamCountry "GER"]
[BlackTeamCountry "GER"]

1. d4 e6 2. e4 d5 3. Nc3 Nf6 4. Bg5 Bb4 5. e5 h6 6. Be3 Ne4 7. Qg4 g6 8. a3 Bxc3+ 9. bxc3 c5 10. Bd3 h5 1/2-1/2

[Event "Aarhus Chess House (Women)"]
[Site "Aarhus"]
[Date "2012.07.15"]
[Round "9"]
[White "Zhang, Fan"]
[Black "Kirsanova, Ekaterina"]
[Result "0-1"]
[WhiteElo "2087"]
[BlackElo "2159"]
[PlyCount "58"]
[EventDate "2012.07.07"]
[EventType "tourn"]
[EventRounds "9"]
[EventCountry "DEN"]
[SourceTitle "CBM 149 Extra"]
[Source "ChessBase"]
[SourceDate "2012.08.24"]
[SourceVersion "1"]
[SourceVersionDate "2012.08.24"]
[SourceQuality "1"]

1. d4 d5 2. c4 dxc4 3. Nf3 Nf6 4. e3 e6 5. Bxc4 c5 6. 0-0 a6 7. Qe2 b5 8. Bb3 Bb7 9. Nc3 Nbd7 10. Rd1 Qc7 11. d5 exd5 12. Nxd5 Nxd5 13. Bxd5 Bxd5 14. Rxd5 Be7 15. b3 Nb6 16. Re5 0-0 17. Ba3 Rac8 18. Rc1 Bd6 19. Rh5 c4 20. Bb2 Qe7 21. Ng5 h6 22. Qc2 f5 23. Nh3 c3 24. Bxc3 b4 25. Qd3 Rxc3 26. Rxc3 bxc3 27. Qxc3 Rc8 28. Qd2 Bb4 29. Qd1 Ba3 0-1

[Event "Aarhus Chess House (Women)"]
[Site "Aarhus"]
[Date "2012.07.12"]
[Round "6"]
[White "Zhang, Fan"]
[Black "Fredericia, Louise Winther"]
[Result "1/2-1/2"]
[WhiteElo "2087"]
[BlackElo "2081"]
[PlyCount "105"]
[EventDate "2012.07.07"]
[EventType "tourn"]
[EventRounds "9"]
[EventCountry "DEN"]
[SourceTitle "CBM 149 Extra"]
[Source "ChessBase"]
[SourceDate "2012.08.24"]
[SourceVersion "1"]
[SourceVersionDate "2012.08.24"]
[SourceQuality "1"]

1. d4 Nf6 2. c4 g6 3. Nc3 Bg7 4. Nf3 0-0 5. e4 d6 6. Be2 c5 7. 0-0 cxd4 8. Nxd4 Nc6 9. Be3 Nxd4 10. Bxd4 Bd7 11. Rc1 Bc6 12. Bf3 Qa5 13. Re1 Nd7 14. Nd5 Bxd5 15. exd5 Bxd4 16. Qxd4 Rfe8 17. a3 Rac8 18. Bg4 Rc7 19. f4 Qc5 20. Qf2 Qxf2+ 21. Kxf2 Nc5 22. Rc3 a5 23. b4 axb4 24. axb4 Na6 25. b5 f5 26. bxa6 fxg4 27. axb7 Rxb7 28. c5 dxc5 29. Rxc5 Ra8 30. Re2 Kf7 31. Kg3 h5 32. Kh4 Ra6 33. Rc6 Ra4 34. g3 Rd4 35. h3 gxh3 36. Kxh3 Rd1 37. Kg2 Rxd5 38. Rce6 Rbd7 39. Kf3 Rd3+ 40. Kf2 Rd2 41. R6e5 Rxe2+ 42. Kxe2 e6 43. Ra5 Rd5 44. Ra8 g5 45. Rh8 g4 46. Ke3 Rb5 47. Rh6 Rf5 48. Ke4 Ke7 49. Rh7+ Kd6 50. Rh8 Ra5 51. Rd8+ Ke7 52. Rh8 Kf7 53. Rh6 1/2-1/2

[Event "Rheinland Pfalz op 4th"]
[Site "Altenkirchen"]
[Date "2012.06.08"]
[Round "3"]
[White "Raabe, Stefan"]
[Black "Zhang, Fan"]
[Result "1/2-1/2"]
[WhiteElo "1775"]
[BlackElo "2095"]
[PlyCount "60"]
[EventDate "2012.06.07"]
[EventType "swiss"]
[EventRounds "7"]
[EventCountry "GER"]
[SourceTitle "CBM 148 Extra"]
[Source "ChessBase"]
[SourceDate "2012.06.22"]
[SourceVersion "1"]
[SourceVersionDate "2012.06.22"]
[SourceQuality "1"]

1. e4 e6 2. f4 d5 3. e5 c5 4. Nf3 Nc6 5. Nc3 Nh6 6. Be2 Be7 7. 0-0 0-0 8. a3 Bd7 9. d3 Nf5 10. Qe1 Ncd4 11. Bd1 b5 12. Ne2 Nxe2+ 13. Bxe2 b4 14. axb4 cxb4 15. g4 Qb6+ 16. Kh1 Ne3 17. Bxe3 Qxe3 18. Qd2 Bc5 19. Qxe3 Bxe3 20. Ne1 Rfc8 21. Bd1 f6 22. exf6 gxf6 23. Bf3 Bd4 24. Ra2 b3 25. cxb3 Rc1 26. f5 Rb8 27. Ra6 Kf7 28. fxe6+ Bxe6 29. g5 Rxb3 30. Bh5+ Ke7 1/2-1/2

[Event "BL 1112 (Women)"]
[Site "Germany"]
[Date "2012.04.22"]
[Round "10.4"]
[White "Schoene, Maria"]
[Black "Zhang, Fan"]
[Result "1/2-1/2"]
[WhiteElo "2186"]
[BlackElo "2097"]
[PlyCount "78"]
[EventDate "2011.10.29"]
[EventType "team-tourn"]
[EventRounds "11"]
[EventCountry "GER"]
[SourceTitle "EXT 2013"]
[Source "ChessBase"]
[SourceDate "2012.11.22"]
[SourceVersion "1"]
[SourceVersionDate "2012.11.22"]
[SourceQuality "1"]
[WhiteTeam "Bad Koenigshofen (W)"]
[BlackTeam "Muelheim Nord (W)"]
[WhiteTeamCountry "GER"]
[BlackTeamCountry "GER"]

1. e4 e6 2. d4 d5 3. Nc3 Nf6 4. Bg5 Bb4 5. e5 h6 6. Bd2 Bxc3 7. Bxc3 Ne4 8. Ne2 Bd7 9. Bb4 c5 10. Ba3 cxd4 11. Nxd4 Nc6 12. Nxc6 Bxc6 13. Qd4 Qb6 14. c3 Qxd4 15. cxd4 f6 16. f3 Ng5 17. h4 Nf7 18. exf6 gxf6 19. Kf2 Kd7 20. b3 Nd6 21. g3 Nf5 22. Bh3 h5 23. Rad1 Rhg8 24. Rhg1 Bb5 25. Rge1 Rae8 26. Rg1 Rc8 27. Rd2 Rc6 28. Re1 Rg7 29. Bf8 Rf7 30. Bb4 Rg7 31. Rg1 Rg8 32. Bxf5 exf5 33. Ke3 Re6+ 34. Kf4 Be2 35. Rg2 Rg4+ 36. fxg4 Bxg4 37. Rge2 Rxe2 38. Rxe2 Bxe2 39. Kxf5 Bg4+ 1/2-1/2

[Event "GER-chT Federal Cup (Women)"]
[Site "Germany"]
[Date "2011.06.17"]
[Round "3.3"]
[White "Zhang, Fan"]
[Black "Woelfer, Wiebke"]
[Result "1/2-1/2"]
[WhiteElo "2088"]
[BlackElo "1767"]
[PlyCount "113"]
[EventDate "2011.06.16"]
[EventType "team-swiss"]
[EventRounds "5"]
[EventCountry "GER"]
[SourceTitle "EXT 2012"]
[Source "ChessBase"]
[SourceDate "2011.11.24"]
[SourceVersion "1"]
[SourceVersionDate "2011.11.24"]
[SourceQuality "1"]
[WhiteTeam "Nordrhein Westfalen"]
[BlackTeam "Sachsen Anhalt"]
[WhiteTeamCountry "GER"]
[BlackTeamCountry "GER"]

1. d4 d5 2. c4 e6 3. Nc3 Nf6 4. Bg5 Be7 5. e3 c6 6. Nf3 Nbd7 7. Qc2 0-0 8. cxd5 Nxd5 9. Bxe7 Qxe7 10. Nxd5 exd5 11. Bd3 h6 12. 0-0 Nf6 13. a3 Bd7 14. b4 Rfc8 15. Rfc1 a6 16. Rab1 Be6 17. Qc5 Kf8 18. Ne5 Nd7 19. Nxd7+ Bxd7 20. a4 Be6 21. Qb6 Qc7 22. Qxc7 Rxc7 23. b5 axb5 24. axb5 Ra3 25. bxc6 Rxc6 26. Rxc6 bxc6 27. Rd1 Rc3 28. Kf1 Ke7 29. Ke2 Kd6 30. Kd2 Ra3 31. Rc1 Ra2+ 32. Rc2 Rxc2+ 33. Kxc2 f5 34. f4 g6 35. Kc3 h5 36. g3 Kc7 37. h3 Kd6 38. Kd2 Ke7 39. Ke2 Kf6 40. Ba6 Bd7 41. Kf3 Be6 42. Bd3 Bc8 43. Be2 Bd7 44. Bd1 Be6 45. Ba4 Bd7 46. Kf2 Ke6 47. g4 hxg4 48. hxg4 Kd6 49. gxf5 Bxf5 50. Ke2 c5 51. dxc5+ Kxc5 52. Kf3 Kc4 53. Be8 Kc5 54. Bf7 Kc4 55. Kg3 Kd3 56. Bxd5 Kxe3 57. Bf7 1/2-1/2

[Event "GER-chT Federal Cup (Women)"]
[Site "Germany"]
[Date "2011.06.16"]
[Round "1.3"]
[White "Zhang, Fan"]
[Black "Dirmeier, Carolin"]
[Result "0-1"]
[WhiteElo "2088"]
[BlackElo "2035"]
[PlyCount "66"]
[EventDate "2011.06.16"]
[EventType "team-swiss"]
[EventRounds "5"]
[EventCountry "GER"]
[SourceTitle "EXT 2012"]
[Source "ChessBase"]
[SourceDate "2011.11.24"]
[SourceVersion "1"]
[SourceVersionDate "2011.11.24"]
[SourceQuality "1"]
[WhiteTeam "Nordrhein Westfalen"]
[BlackTeam "Bayern"]
[WhiteTeamCountry "GER"]
[BlackTeamCountry "GER"]

1. d4 f5 2. Nc3 g6 3. e4 fxe4 4. Nxe4 d5 5. Ng5 Bg7 6. c3 Nf6 7. Bd3 Nc6 8. Bf4 0-0 9. Qd2 Nh5 10. Ne2 e5 11. dxe5 Nxf4 12. h4 Nxd3+ 13. Qxd3 Nxe5 14. Qg3 Bf5 15. 0-0-0 c5 16. Nf4 Qa5 17. Nfe6 Rfe8 18. Nxg7 Kxg7 19. Rxd5 Qxa2 20. Rxe5 Qb1+ 21. Kd2 Rad8+ 22. Ke3 Qd3+ 23. Kf4 Qc4+ 24. Kf3 Rd3+ 25. Re3 Qd5+ 26. Ke2 Rexe3+ 27. fxe3 Rd2+ 28. Kf1 Rd1+ 29. Kf2 Rxh1 30. Qc7+ Bd7 31. e4 Qd2+ 32. Kf3 Rf1+ 33. Kg3 Qe1+ 0-1